000 00871nam a2200241 a 4500
001 000039162
005 20240412074300.0
008 090429s2013 dr r 000 j spa d
020 _z9789945165173
040 _aDO-SdBNP
_bspa
_cBNPHU
082 _aRD863.44
_bJ58c, 2013
100 1 _aJesús Ulerio, Luis Felipe de,
_d1970 -
_91334
245 1 0 _aCatalepsia 2 :
_bmás cuentos de muertos contados por vivos /
_cLuis Felipe de Jesús Ulerio.
250 _a2a. ed.
260 _aSanto Domingo :
_bBúho,
_c2013.
_g(reimpresión, 2017)
300 _a191 p. ;
_c22 cm.
500 _aIncluye datos biograficos del autor en las solapas
500 _aLa biblioteca posee la reimpresión de la 2a.ed. del 2017
590 _aInventariado, 2018/BT
650 0 _aCuentos dominicanos
_9176
650 0 _aLiteratura dominicana.
_967
910 _aValidado. Control de calidad. MFF
999 _c38652
_d38652